000 00395cam a22001217a 4500
008 180718b2003 xxu||||| |||| 00| 0 eng d
020 _a81 8152 060 2
100 _aRattu, Krishan Kumar
245 _aDharmnirpeksh bharatiya loktantra ayodhya gujrat paridrishya
_cby Krishan Kumar Rattu
260 _aJaipur
_bBook Enclave
_c2003
300 _a454p.
650 _aPolitical science - Indian Democracy
999 _c439352
_d439352